IBM je na stovke
Americká ikona IT oslávila storočnicu a dosiahne stomiliardové tržby. Generálny riaditeľ Sam Palmisano prináša svoj pohľad na minulosť a budúcnosť spoločnosti.
Gespeichert in:
| 1. Verfasser: | |
|---|---|
| Weitere Verfasser: | |
| Format: | Buchkapitel |
| Sprache: | Slowakisch |
| Schlagworte: | |
| Tags: |
Keine Tags, Fügen Sie das erste Tag hinzu!
|
MARC
| LEADER | 00000naa a2200000 4500 | ||
|---|---|---|---|
| 001 | 0135782 | ||
| 005 | 20231009104452.4 | ||
| 041 | 0 | |a slo | |
| 044 | |a SK | ||
| 245 | 1 | 0 | |a IBM je na stovke |c Rich Karlgaard, Sam Palmisano |
| 520 | |a Americká ikona IT oslávila storočnicu a dosiahne stomiliardové tržby. Generálny riaditeľ Sam Palmisano prináša svoj pohľad na minulosť a budúcnosť spoločnosti. | ||
| 610 | 2 | 0 | |a technológie informačné |
| 610 | 2 | 0 | |a technológie komunikačné |
| 610 | 2 | 0 | |a počítače |
| 610 | 2 | 0 | |a firmy |
| 610 | 2 | 0 | |a USA |
| 610 | 2 | 0 | |a tržby |
| 100 | 1 | |a Karlgaard, Rich | |
| 700 | 1 | |a Palmisano, Sam | |